000 00201 a2200097 4500
001 14004
100 _aShaw Bernard
245 _aThe doctor's dilemna
260 _aLondon
_b
_c
090 _c10962
_d10962
942 _aNUST-CAE
_cM
_c1072
999 _c249077
_d249077